Nazwij pasujące państwo kończące się na A-Z - Statystyki

Ogólne statystyki
  • Ten quiz został rozwiązany 31 873 razy
  • Średni wynik to 12 z 18
Statystyki odpowiedzi
Litera # Państwo % Poprawnych
A 102 Albania | Algieria | Andora | Angola | Antigua i Barbuda | Arabia Saudyjska | Argentyna | Armenia | Australia | Austria | Belgia | Boliwia | Bośnia i Hercegowina | Botswana | Brazylia | Bułgaria | Chorwacja | Czarnogóra | Dania | Demokratyczna Republika Konga | Dominika | Dominikana | Erytrea | Estonia | Etiopia | Finlandia | Francja | Gambia | Ghana | Grecja | Grenada | Gruzja | Gujana | Gwatemala | Gwinea | Gwinea Równikowa | Hiszpania | Holandia | Indonezja | Irlandia | Islandia | Jamajka | Japonia | Jordania | Kambodża | Kanada | Kenia | Kolumbia | Korea Południowa | Korea Północna | Kostaryka | Kuba | Liberia | Libia | Litwa | Łotwa | Macedonia Północna | Malezja | Malta | Mauretania | Mikronezja | Mjanma | Mołdawia | Mongolia | Namibia | Nigeria | Nikaragua | Norwegia | Nowa Zelandia | Panama | Papua-Nowa Gwinea | Polska | Południowa Afryka | Portugalia | Republika Środkowoafrykańska | Republika Zielonego Przylądka | Rosja | Rumunia | Rwanda | Saint Lucia | Samoa | Serbia | Słowacja | Słowenia | Somalia | Sri Lanka | Syria | Szwajcaria | Szwecja | Tajlandia | Tanzania | Tonga | Tunezja | Turcja | Uganda | Ukraina | Wenezuela | Wielka Brytania | Wyspy Marshalla | Wyspy Salomona | Wyspy Świętego Tomasza i Książęca | Zambia
100%
N 21 Afganistan | Azerbejdżan | Bahrajn | Benin | Bhutan | Gabon | Iran | Jemen | Kamerun | Kazachstan | Kirgistan | Liban | Liechtenstein | Oman | Pakistan | Sudan | Tadżykistan | Tajwan | Turkmenistan | Uzbekistan | Watykan
89%
E 8 Belize | Chile | Indie | Seszele | Sierra Leone | Stany Zjednoczone | Zimbabwe | Zjednoczone Emiraty Arabskie
88%
Y 11 Bahamy | Chiny | Czechy | Filipiny | Komory | Malediwy | Niemcy | Saint Vincent i Grenadyny | Sudan Południowy | Węgry | Włochy
87%
O 9 Burkina Faso | Kongo | Kosowo | Lesotho | Maroko | Monako | San Marino | Togo | Trynidad i Tobago
82%
I 10 Brunei | Burundi | Dżibuti | Eswatini | Fidżi | Haiti | Kiribati | Malawi | Mali | Timor Wschodni
76%
R 7 Cypr | Ekwador | Katar | Madagaskar | Niger | Salwador | Singapur
76%
K 3 Irak | Meksyk | Mozambik
72%
U 6 Gwinea Bissau | Nauru | Palau | Peru | Tuvalu | Vanuatu
71%
S 5 Barbados | Honduras | Laos | Mauritius | Saint Kitts i Nevis
61%
L 3 Izrael | Nepal | Senegal
60%
Ś 1 Białoruś
58%
T 2 Egipt | Kuwejt
55%
J 3 Paragwaj | Urugwaj | Wybrzeże Kości Słoniowej
55%
M 2 Surinam | Wietnam
46%
D 1 Czad
45%
G 1 Luksemburg
33%
Z 1 Bangladesz
31%
Nie znaleziono quizów pasujących do podanych kryteriów
Rozkład punktacji
Procent ludzi z każdym wynikiem
Percentyl według liczby udzielonych odpowiedzi
Twoja historia wyników
Nie rozwiązałeś tego quizu